|
|
|
|
| LEADER |
01213nam a2200325 a 4500 |
| 001 |
000437232 |
| 003 |
CZ BrMZK |
| 005 |
20260422075328.0 |
| 007 |
ta |
| 008 |
990315s1999 xr b p 0 cze d |
| 020 |
|
|
|a 80-7230-023-7
|
| 040 |
|
|
|a BOA001
|b cze
|
| 072 |
|
7 |
|a 51
|x Matematika
|2 Konspekt
|9 13
|
| 072 |
|
7 |
|a 37.016
|x Učební osnovy. Vyučovací předměty. Učebnice
|2 Konspekt
|9 22
|
| 080 |
|
|
|a 51
|2 MRF
|
| 080 |
|
|
|a (075.2)
|2 MRF
|
| 080 |
|
|
|a (076.1)
|2 MRF
|
| 100 |
1 |
|
|a Mikulenková, Hana,
|d 1954-
|7 kup19950000065353
|4 aut
|
| 245 |
1 |
0 |
|a Matematické --minutovky :
|b 2. ročník.
|n Díl 2 /
|c [Hana Mikulenková, Josef Molnár]
|
| 246 |
3 |
3 |
|a Matematické --minutovky - 2. ročník
|
| 260 |
|
|
|a Olomouc :
|b Prodos,
|c c1999
|
| 300 |
|
|
|a 32 s. :
|b il. ;
|c 21 cm
|
| 500 |
|
|
|a V tir. náz.: Matematické --minutovky - 2. ročník
|
| 650 |
0 |
7 |
|a matematika
|7 ph117231
|x úlohy
|2 czenas
|
| 655 |
|
7 |
|a učebnice základních škol
|7 fd133773
|2 czenas
|
| 655 |
|
7 |
|a pracovní sešity
|7 fd133116
|2 czenas
|
| 700 |
1 |
|
|a Molnár, Josef,
|d 1953-
|7 jn20001005583
|4 aut
|
| 910 |
|
|
|a BOA001
|b 2-1063.282,2
|
| 990 |
|
|
|a BK
|
| 996 |
6 |
|
|b 2610099534
|c 2-1063.282,2
|l MZK
|r Sklad / do 1 hodiny
|n 1
|p p.v.
|w 000437232
|u 000010
|a 1
|e BOA001
|j MZK50
|s P
|